<?xml version="1.0" encoding="UTF-8"?>
<collection xmlns="http://www.loc.gov/MARC21/slim">
  <record>
    <leader>00000nam  2200000   4500</leader>
    <controlfield tag="001">INLIS000000000008042</controlfield>
    <controlfield tag="008">###################################ind##</controlfield>
    <datafield tag="035" ind1="#" ind2="#">
      <subfield code="a">0010-0420001333</subfield>
    </datafield>
    <datafield tag="245" ind1="#" ind2="#">
      <subfield code="a">Pembuatan Museum Roket Untuk Memfasilitasi Dan Mempublikasikan Hasil Karya Litkayasa Dari Laboratorium Di Pustekroket (Lembaga Penerbangan dan Antariksa Nasional ) /</subfield>
      <subfield code="c">M. Arjuna Putra Perdana</subfield>
    </datafield>
    <datafield tag="100" ind1="#" ind2="#">
      <subfield code="a">Perdana, M. Arjuna Putra</subfield>
    </datafield>
    <datafield tag="250" ind1="#" ind2="#">
      <subfield code="a">1</subfield>
    </datafield>
    <datafield tag="260" ind1="#" ind2="#">
      <subfield code="a">Sumedang :</subfield>
      <subfield code="b">PKP2A I LAN,</subfield>
      <subfield code="c">2018</subfield>
    </datafield>
    <datafield tag="084" ind1="#" ind2="#">
      <subfield code="a">R LAK3/2/019 2018</subfield>
    </datafield>
    <datafield tag="520" ind1="#" ind2="#">
      <subfield code="a">Coach : Baban Sobandi</subfield>
    </datafield>
    <datafield tag="082" ind1="#" ind2="#">
      <subfield code="a">R LAK3/2/019 2018</subfield>
    </datafield>
    <datafield tag="990" ind1="#" ind2="#">
      <subfield code="a">LAK3.2018.00059</subfield>
    </datafield>
  </record>
</collection>
